Vertical aerial photography and derived digital imagery (Record no. 100423)

MARC details
000 -LEADER
fixed length control field 00798cam a2200229 4500
008 - FIXED-LENGTH DATA ELEMENTS--GENERAL INFORMATION
fixed length control field 000000n2001 000 0 eng u
020 ## - INTERNATIONAL STANDARD BOOK NUMBER
International Standard Book Number 0854069976
035 ## - SYSTEM CONTROL NUMBER
System control number (Sirsi) u105577
050 ## - LIBRARY OF CONGRESS CALL NUMBER
Classification number 526.982
-- 18
110 ## - MAIN ENTRY--CORPORATE NAME
Corporate name or jurisdiction name as entry element Royal Institution of Chartered Surveyors
9 (RLIN) 4900
245 ## - TITLE STATEMENT
Title Vertical aerial photography and derived digital imagery
Remainder of title client specification guidelines
260 ## - PUBLICATION, DISTRIBUTION, ETC.
Place of publication, distribution, etc. London
Name of publisher, distributor, etc. RICS
Date of publication, distribution, etc. 2001
300 ## - PHYSICAL DESCRIPTION
Extent 30p.
Dimensions 30cm.
490 ## - SERIES STATEMENT
Series statement RICS Guidance Note
520 ## - SUMMARY, ETC.
Summary, etc. Supersedes 3rd ed. "Specification for vertical air photography" (ISBN 0854064281). Withdrawn November 2007.
520 ## - SUMMARY, ETC.
Summary, etc. Superseded by fifth edition (ISBN 9781842196083).
650 ## - SUBJECT ADDED ENTRY--TOPICAL TERM
Topical term or geographic name entry element AERIAL PHOTOGRAPHY
650 ## - SUBJECT ADDED ENTRY--TOPICAL TERM
Topical term or geographic name entry element LAND SURVEYING
650 ## - SUBJECT ADDED ENTRY--TOPICAL TERM
Topical term or geographic name entry element MAPS
690 ## - LOCAL SUBJECT ADDED ENTRY--TOPICAL TERM (OCLC, RLIN)
Topical term or geographic name as entry element MAPPING AND MEASUREMENT
942 ## - ADDED ENTRY ELEMENTS (KOHA)
Suppress in OPAC 0
Holdings
Withdrawn status Lost status Source of classification or shelving scheme Damaged status Not for loan Home library Current library Shelving location Date acquired Total Checkouts Full call number Barcode Date last seen Copy number Price effective from Koha item type Date last checked out
    Dewey Decimal Classification     London London RICS Boxes 22/08/2001   RICS 2001/33 30064718 06/08/2019 1 06/08/2019 Reference material  
    Dewey Decimal Classification     London London RICS Boxes 22/08/2001   RICS 2001/33 30064719 06/08/2019 2 06/08/2019 Reference material  
    Dewey Decimal Classification     London London RICS Boxes 22/08/2001 4 RICS 2001/33 30064720 06/08/2019 3 06/08/2019 Book 19/02/2007